banner koha

2003: esperança x incertezas (Registro n. 328068)

MARC details
000 -LÍDER
fixed length control field 01192nab a2200373 4500
003 - CÓDIGO MARC DA AGÊNCIA CATALOGADORA
Campo de controle BR-BrBNA
005 - DATA E HORA DA ÚLTIMA ATUALIZAÇÃO
Campo de controle 20241012161748.0
008 - CAMPO DE TAMANHO FIXO
fixed length control field 241012b bl.||||| |||| 00| 0 por d
040 ## - FONTE DA CATALOGAÇÃO
Agência catalogadora BR-BrBNA
Idioma da catalogação por
072 ## - CATEGORIA AGRIS
Código AGRIS E10 ; E13 ; E71
100 ## - ENTRADA PRINCIPAL - NOME PESSOAL
Nome pessoal Lopes, Ricardo Luis
100 ## - ENTRADA PRINCIPAL - NOME PESSOAL
Nome pessoal Hasegawa, Marcos Minoru
100 ## - ENTRADA PRINCIPAL - NOME PESSOAL
Nome pessoal Guilhoto, Joaquim José Martins
245 ## - TÍTULO PRINCIPAL
Título principal 2003: esperança x incertezas
Subtítulo Projeções Econômicas
500 ## - NOTA GERAL
Nota geral 1 illus.
942 ## - ADDED ENTRY ELEMENTS (KOHA)
Koha item type Analítica
650 ## - ASSUNTO - THESAGRO
Cabeçalho tópico ou nome geográfico AGRICULTURA
650 ## - ASSUNTO - THESAGRO
Cabeçalho tópico ou nome geográfico AGRONEGÓCIO
650 ## - ASSUNTO - THESAGRO
Cabeçalho tópico ou nome geográfico HORTICULTURA
650 ## - ASSUNTO - THESAGRO
Cabeçalho tópico ou nome geográfico FRUTICULTURA
650 ## - ASSUNTO - THESAGRO
Cabeçalho tópico ou nome geográfico PRODUÇÃO
650 ## - ASSUNTO - THESAGRO
Cabeçalho tópico ou nome geográfico DESEMPENHO
650 ## - ASSUNTO - THESAGRO
Cabeçalho tópico ou nome geográfico ECONOMIA AGRÍCOLA
650 ## - ASSUNTO - THESAGRO
Cabeçalho tópico ou nome geográfico CUSTO DE PRODUÇÃO
650 ## - ASSUNTO - THESAGRO
Cabeçalho tópico ou nome geográfico POLÍTICA DE PREÇO
650 ## - ASSUNTO - THESAGRO
Cabeçalho tópico ou nome geográfico PREÇO MÍNIMO
650 ## - ASSUNTO - THESAGRO
Cabeçalho tópico ou nome geográfico ESTOQUE REGULADOR
650 ## - ASSUNTO - THESAGRO
Cabeçalho tópico ou nome geográfico FINANCIAMENTO
650 ## - ASSUNTO - THESAGRO
Cabeçalho tópico ou nome geográfico COMÉRCIO EXTERIOR
650 ## - ASSUNTO - THESAGRO
Cabeçalho tópico ou nome geográfico ESTABILIZAÇÃO ECONÔMICA
650 ## - ASSUNTO - THESAGRO
Cabeçalho tópico ou nome geográfico PLANEJAMENTO ECONÔMICO
773 0# - ENTRADA ANALÍTICA
Host Biblionumber 4115
Registro do item 344967
Imprenta Piracicaba-SP Centro de Estudos Avançados em Economia Aplicada-CEPEA/USP/ESALQ 2002
Outro identificador 2024-5380
Título Hortifruti Brasil (Brazil)
ISSN 1981-1837
Colação v. 1(8) p.12-13; (Dec 2002)
Número de controle de registro BR2024003025

Nenhum exemplar disponível.

BINAGRI

Telefone: (61)3218-2567/2388/3357/2097 - binagri@agro.gov.br

Ministério da Agricultura e Pecuária , Esplanada dos Ministérios, Bloco D, Anexo B, Brasília/DF, CEP: 70.043-900